000 00919nam a2200205Ii 4500
003 JO-AjNU
008 230605s9999||||xx |||||||||||||| ||und||
040 _aJO-AjNU
_bara
_erda
_cJO-AjNU
041 _aara
050 1 4 _aBP144.Q2798 1995
100 3 _aالقرضاوي، يوسف,
_eauthor
_910426
245 0 0 _aالصحوة الإسلامية بين الإختلاف المشروع والتفرق المذموم: دراسة في فقه الإختلاف في ضوء النصوص والمقاصد الشرعية
250 _aط4
264 3 1 _aبيروت: مؤسسة الرسالة، 1995
300 _a160ص
336 _atext
_btxt
_2rdacontent
337 _aunmediated
_bn
_2rdamedia
338 _avolume
_bnc
_2rdacarrier
650 4 _aالصحوة الاسلامية- الدعوة الاسلامية- الوعظ والارشاد- الاسلام- حركات الإحياء والإصلاح والتجديد
_910427
999 _aA1800
_c5368
_d5368